| Поле | Название | Значение |
| |
Тип записи |
a |
| |
Библиографический уровень |
m |
| 001 |
Контрольный номер |
LIBNET\0000904980 |
| 005 |
Дата корректировки |
20250227143445.6 |
| 010 |
Индекс ISBN |
__ |
| a |
ISBN |
978-5-04-090986-5 |
| 9 |
Тираж |
4000 (доп. тираж) |
| d |
Цена |
576-00 |
| 035 |
Другие системные номера |
__ |
| a |
Идентификатор записи |
ROSTOV\BIBL\z0001433879 |
| 100 |
Данные общей обработки |
__ |
| a |
Данные общей обработки |
20180410d2018####e##y0rusy0189 ca |
| 101 |
Язык документа |
0_ |
| a |
Язык текста |
rus |
| 102 |
Страна публикации |
__ |
| a |
Страна публикации |
RU |
| 105 |
Кодированные данные (монография) |
__ |
| a |
Кодированные данные (монография) |
ac##z###00|zy |
| 200 |
Заглавие и сведения об ответственности |
1_ |
| a |
Заглавие |
#Зановородиться. Невероятная история любви |
| e |
Сведения, относящиеся к заглавию |
как создавалось драматическое шоу |
| f |
Первые сведения об ответственности |
Саша Петров |
| 210 |
Выходные данные |
1_ |
| a |
Место издания |
Москва |
| c |
Издательство |
Эксмо |
| d |
Дата издания |
2018 |
| 215 |
Физическое описание |
__ |
| a |
Объем |
206 с. |
| c |
Иллюстрации/тип воспроизводства |
ил., фотопортр. |
| d |
Формат |
20 см |
| 333 |
Примечание о целевом назначении |
__ |
| a |
Примечание о целевом назначении |
16+ |
| 517 |
Другие варианты заглавия |
1_ |
| a |
Другие варианты заглавия |
Невероятная история любви |
| 532 |
Расширенное заглавие |
13 |
| a |
Расширенное заглавие |
Заново родиться |
| 600 |
Персоналии |
_1 |
| b |
Персоналии (Имя) |
Петров |
| c |
Дополнение к имени |
С. |
| f |
Даты |
1989- |
| g |
Полное имя |
Саша |
| 606 |
Тематические рубрики |
__ |
| a |
Основная рубрика |
Художественная литература |
| 606 |
Тематические рубрики |
__ |
| a |
Основная рубрика |
Современная русская литература (произведения) |
| 606 |
Тематические рубрики |
__ |
| a |
Основная рубрика |
Музыка и зрелищные искусства |
| 606 |
Тематические рубрики |
__ |
| a |
Основная рубрика |
Драматический театр России |
| 610 |
Ключевые слова |
0_ |
| a |
Ключевые слова |
русская современная литература |
| a |
Ключевые слова |
поэзия |
| a |
Ключевые слова |
стихи |
| a |
Ключевые слова |
драматический театр |
| a |
Ключевые слова |
актеры театра |
| a |
Ключевые слова |
актеры кино |
| 686 |
Индексы других классификаций |
__ |
| a |
Индекс ББК |
84(2=411.2)6-5я44 |
| 2 |
Код системы |
rubbk |
| 686 |
Индексы других классификаций |
__ |
| a |
Индекс ББК |
85.334.3(2) |
| 2 |
Код системы |
rubbk |
| 700 |
Автор |
_1 |
| a |
Фамилия |
Петров |
| b |
Имя |
А. А. |
| f |
Даты |
1989- |
| 4 |
Код отношения |
070 |
| g |
Полное личное имя |
Александр Андреевич |
| 790 |
Имя лица - альтернативная форма |
_1 |
| 4 |
Код отношения |
070 |
| a |
Имя лица - альтернативная форма |
Петров |
| b |
Имя |
С. |
| f |
Даты |
1989- |
| g |
Полное личное имя |
Саша |
| 801 |
Источник записи |
_0 |
| a |
Страна |
RU |
| b |
Организация |
Донская ГПБ |
| c |
Дата составления |
20180402 |
| g |
Правила каталогизации |
rcr |
| 801 |
Источник записи |
_1 |
| a |
Страна |
RU |
| b |
Организация |
Донская ГПБ |
| c |
Дата составления |
20180402 |
| 2 |
Код формата |
rusmarc |
| 801 |
Источник записи |
_2 |
| a |
Страна |
RU |
| b |
Организация |
Донская ГПБ |
| c |
Дата составления |
20180719 |
| 2 |
Код формата |
rusmarc |
| 801 |
Источник записи |
_1 |
| a |
Страна |
RU |
| b |
Организация |
Центральная районная библиотека им. Г. А. Пирожникова |
| 830 |
Общее примечание каталогизатора |
__ |
| a |
Текст примечания |
097 Пруцкая Ольга Вадимовна |
| 852 |
Данные о местонахождении |
__ |
| j |
Шифр хранения |
84(2=411.2)6 |
| i |
Авторский знак |
П 305 |
| 901 |
Тип документа |
__ |
| t |
Тип документа |
m |
| 902 |
Роль лиц |
__ |
| b |
Редактор БЗ |
ОКиО/Шумских |